000 00502nam a2200181Ia 4500
005 20250326140430.0
008 250326s9999 xx 000 0 und d
037 _aTextbook
040 _aFMSL
_beng
_cFMSL
041 _aeng
_2eng
084 _aX:71.1 P3
_qFMSL
100 _aLasserre P
_9741851
245 0 _aGlobal Strategic Management
_cLasserre P
260 _aNew York
_bNew York, Palgrave McMillan
_c2003
300 _a454p
942 _cTB
_hX:71.1 P3
999 _c1285777
_d1285777